Social Problems in India/ (Record no. 202890)

MARC details
000 -LEADER
fixed length control field 00543 a2200193 4500
005 - DATE AND TIME OF LATEST TRANSACTION
control field 20240516113325.0
010 ## - LCCN (DPL NO)
LC control number B-759061
020 ## - INTERNATIONAL STANDARD BOOK NUMBER
International Standard Book Number 8170331389
Terms of availability 375.00
035 ## - SYSTEM CONTROL NUMBER
System control number B-759061
037 ## - SOURCE OF ACQUISITION
Source of stock number/acquisition Gift/Unesco
082 ## - DEWEY DECIMAL CLASSIFICATION NUMBER
Classification number 305.50954
100 ## - MAIN ENTRY--PERSONAL NAME
Personal name Ahuja, Ram
245 ## - TITLE STATEMENT
Title Social Problems in India/
Statement of responsibility, etc Ram Ahuja
260 ## - PUBLICATION, DISTRIBUTION, ETC. (IMPRINT)
Place of publication, distribution, etc New Delhi
Name of publisher, distributor, etc Rawat Publication
Date of publication, distribution, etc 1992
270 ## - ADDRESS
Address New Delhi
300 ## - PHYSICAL DESCRIPTION
Extent 389 p.
Dimensions 22cm (Hb)
942 ## - ADDED ENTRY ELEMENTS (KOHA)
Institution code [OBSOLETE] dpl
Item type English Books
Source of classification or shelving scheme Dewey Decimal Classification
Classification part 305.50954
Call number suffix AHU
Holdings
Withdrawn status Lost status Not for loan Collection code Home library Current library Date acquired Source of acquisition Cost, normal purchase price Full call number Barcode Copy number Cost, replacement price Koha item type Public note
      Non-fiction Ashok Vihar Ashok Vihar 16/05/2024 Gift/10.5.24 375.00 305.50954 AHU B-759061 1 375.00 English Books Gift

© Delhi Public Library
Hit Counter
free hit counter